| 000 | 01463nam a22002297a 4500 | ||
|---|---|---|---|
| 003 | OSt | ||
| 005 | 20210216121903.0 | ||
| 008 | 210216s2009 cl ad||gr|||| 00| 0 spa d | ||
| 020 | _a9789568853037 | ||
| 040 |
_aCO-JMCR _cCO-JMCR |
||
| 041 | 0 | _aspa | |
| 082 | 0 | 4 |
_a331.252 / _bS471i _223 |
| 111 | 2 |
_aSeminario Internacional Inversiones y Pensiones en los Sistemas de Capitalización, _d(2009: _cVarsovia, Polonia) _913521 |
|
| 245 | 1 |
_aInversiones y pensiones en los sistemas de capitalización : _bpresentaciones del Seminario Internacional Inversiones y Pensiones en los Sistemas de Capitalización / |
|
| 250 | _aPrimera edición | ||
| 260 |
_aSantiago de Chile : _bFederación Internacional de Administradores de Pensiones, _c2009 |
||
| 300 |
_a317 páginas : _bilustraciones, graficas en blanco y negro ; _c23 cm. |
||
| 505 | 0 | _aDesempeño de las inversiones -- ¿Cuál es el nivel de riesgo financiero que un sistema de capitalización puede aceptar? -- Ciclos económicos y fondos de pensiones -- Tendencias en las inversiones de los fondos de pensiones -- Modalidades de pensiones optimas en un sistema previsional obligatoria -- Rentas vitalicias y retiros programados -- El mercado de las pensiones -- Perspectivas para el sistema polaco de pensiones -- Los fondos de pensiones obligatorios en Europa | |
| 650 | 2 | 4 |
_aAdministradoras de fondos de pensiones _xCongresos _913522 |
| 650 | 2 | 4 |
_aSeguridad social _xCongresos _913523 |
| 942 |
_2ddc _cBK |
||
| 999 |
_c7201 _d7201 |
||